Statistiques concernant Pokémon-Les grottes

Cliquez ici pour prendre le quiz!

Statistiques générales

  • Ce quiz a été pris 8 fois
  • Le résultat moyen est 21 sur 73

Statistiques - réponses

RégionGrotte% Correct
JohtoAntre du Dragon
57%
KalosAntre Néréen
57%
JohtoCaves Jumelles
57%
KantoCave Taupiqueur
57%
KalosGrotte Coda
57%
UnysGrotte Electrolithe
57%
KalosGrotte Etincelante
57%
KalosGrotte Miroitante
57%
JohtoMont Argenté
57%
SinnohMont Couronné
57%
KalosRoute Victoire
57%
HoennRoute Victoire
57%
SinnohRoute Victoire
57%
UnysRoute Victoire
57%
Kanto/JohtoRoute Victoire
57%
HoennCaverne Fondmer
43%
KalosCaverne Gelée
43%
KantoGrotte Inconnue
43%
AlolaGrotte Verdoyante
43%
HoennMont Chimnée
43%
KantoMont Sélénite
43%
HoennTunnel Mérazon
43%
AlolaTunnel Taupiqueur
43%
UnysAntre d'Entraînement
29%
JohtoAntre Noir
29%
KalosCave Connecterre
29%
SinnohEntrée Charbourg
29%
HoennGrotte Granite
29%
Iles SeviiGrotte Métamo
29%
HoennGrotte Origine
29%
SinnohIle de Fer
29%
KantoIles Ecume
29%
SinnohMont Abrupt
29%
JohtoPuits Ramoloss
29%
HoennSite Météore
29%
AlolaCaverne Coda
14%
SinnohCaverne Courage
14%
SinnohCaverne Savoir
14%
SinnohCaverne Vérité
14%
KalosChambre Néant
14%
HoennChemin Ardent
14%
SinnohChemin Rocheux
14%
Hoenn (Emeraude)Grotte Atelier
14%
UnysGrotte Cyclopéenne
14%
Iles SeviiGrotte de Glace
14%
AlolaGrotte de la Plage
14%
Johto (Or Heartgold et Argent Soulsilver)Grotte Falaise
14%
HoennGrotte Island
14%
Unys (Noir 2 & Blanc 2)Grotte Littorale
14%
Hoenn (Emeraude)Grotte Marine
14%
UnysGrotte Parsemille
14%
Iles SeviiGrotte Perdue
14%
SinnohGrotte Retour
14%
SinnohGrotte Revêche
14%
SinnohGrotte Ruineman
14%
Hoenn (Emeraude)Grotte Terra
14%
HoennGrotte Tréfonds
14%
AlolaGrotte Verlamer
14%
HoennGrotte Zénith
14%
SinnohMine Charbourg
14%
JohtoMont Creuset
14%
UnysMont Foré
14%
AlolaMont Lanakila
14%
Unys (Noir 2 & Blanc 2)Mont Renenvers
14%
JohtoPortail Falaise
14%
JohtoRoute de Glace
14%
HoennRuines Désert
14%
HoennTombeau Antique
14%
JohtoTourb'Iles
14%
AlolaUltra-Abysses
14%
Alola (Ultra-Soleil & Ultra-Lune)Ultra-Dimension Zéro
14%
UnysVeine Souterraine
14%
Hoenn (Emeraude)Voie du Désert
14%

Distribution des résultats

Percentile par nombre de réponses

% des personnes avec chaque résultat

Votre développement - résultats

Vous n’avez pas pris ce quiz